000 00863nam a2200277Ia 4500
003 OSt
005 20221005042856.0
006 a|||||r|||| 00| 0
007 ta
008 221004b |||||||| |||| 00| 0 eng d
020 _a9780748677375 (hbk)
_cUKP 75.00
024 _a65975
037 _bIN40839, 09/01/2020, Saras Books
_cTextual
040 _aCRL
_cCRL
_beng
041 _2eng
_aeng
082 _aP28, Q9
100 _aMcEnery Tony Ed.
_966505
245 0 _aArabic corpus linguistics
260 _aEdinburgh
_bEdinburgh University press UK
_c2019
300 _a235p.
_ccm.
650 _aLINGUISTICS
700 _a Hardie Andrew Ed.
_9590955
700 _a Younis Nagwa Ed.
_9590956
942 _hP28, Q9
_cTEXL
_2cc
999 _c950987
_d950987